000 00592nam a2200217Ia 4500
005 20250508165816.0
008 008 250505s9999 xx 000 0 hin d
020 _a81-902763-7-9
037 _aTextual
040 _aFEDL
_beng
_cFEDL
041 _ahin
_2eng
084 _a891.2, TRI
_qFEDL
100 _aTripathi Radhavallabh
245 0 _aaadikavi valmeeki
260 _aMadhya Pradesh, India
_bSanskrit Parishad
_c1981
300 _a112p.
365 _aINR
_b25
546 _aGifted by Prof. Krishna Kumar
942 _cTEXL
_h891.2, TRI
999 _c1397579
_d1397579